000 00548nam a22001937a 4500
003 OSt
005 20160211124523.0
008 160211b xxu||||| |||| 00| 0 eng d
020 _a0130402648
040 _cDDC
082 _a005.74 GAR2000
100 _aGarcia,Hector;Ullman,Jeffrey;Widom,Jennifer;
_96770
245 _aDatabase System implementation.
260 _aNew Jersey;
_bPrentice Hall.
_c2000.
300 _axv,653p;
_bill;
_c26cm
504 _aincludes references and index.
650 _aDatabase Management.
_9508
942 _2ddc
_cSLOAN
999 _c3028
_d3028